Statistiques concernant Pays par une seule indice #10

Cliquez ici pour prendre le quiz!

Statistiques générales

  • Ce quiz a été pris 305 fois
  • Le résultat moyen est 12 sur 20

Statistiques - réponses

indicepays% Correct
Pays africain le plus proche d'EuropeMaroc
98%
Là où la danse flamenco a commencéEspagne
96%
Est dirigé par le PapeVatican
92%
Les principales langues incluent Zoulou, Xhosa et AfrikaansAfrique du Sud
83%
Où vivait Pablo EscobarColombie
80%
Le plus grand pays qui est entièrement en EuropeUkraine
80%
Ce pays, ainsi que l'Ouganda et l'Ouzbékistan, commence par OOman
73%
Les explorateurs de ce pays ont été les premiers à naviguer autour de l'AfriquePortugal
73%
Le plus grand pays qui borde la mer des CaraïbesMexique
71%
Les Khmers rouges ont tué plus de 10% de la population à la fin des années 1970Cambodge
67%
Créé à partir de la fusion du Tanganyika et de ZanzibarTanzanie
64%
Pays précédemment dirigé par le colonel GaddafiLibye
59%
A été envahie par l'URSS en 1979Afghanistan
47%
Le plus gros exportateur de pétrole en EuropeNorvège
46%
Les grandes villes comprennent Qom, Chiraz et IspahanIran
39%
Site d'un coup d'etat échoué en 2016. (Mais certains soupçonnent que le coup d'état a été mis en scène)Turquie
39%
Ce tigre asiatique est connu sous le nom de Ville du lionSingapour
29%
Ce pays a un PIB par habitant 20 fois supérieur à son seul voisinCorée du Sud
24%
Idi Amin était autrefois le président iciOuganda
24%
Pays avec le taux de meurtre le plus bas dans tous les pays avec une population de plus de 10 millionsJapon
20%

Distribution des résultats

Percentile par nombre de réponses

% des personnes avec chaque résultat

Votre développement - résultats

Vous n’avez pas pris ce quiz